[Event "ROM-ch U08 Girls"]
[Site "Calimanesti"]
[Date "2015.04.04"]
[Round "7"]
[White "Popa, Cristina Maria"]
[Black "Toculet, Erika Andreea"]
[Result "0-1"]
[WhiteElo "1001"]
[BlackElo "1001"]
[PlyCount "120"]
[EventDate "2015.03.30"]
[EventType "swiss"]
[EventRounds "9"]
[EventCountry "ROU"]
[SourceTitle "CBM 165 Extra"]
[Source "ChessBase"]
[SourceDate "2015.04.21"]
[SourceVersion "1"]
[SourceVersionDate "2015.04.21"]
[SourceQuality "1"]

1. e4 e5 2. Nf3 Nc6 3. Nc3 Nf6 4. Bc4 Bc5 5. d3 0-0 6. Bg5 d6 7. 0-0 Bg4 8. h3 Bh5 9. a3 h6 10. Bh4 Qd7 11. b4 b5 12. Bb3 Bb6 13. Qb1 a5 14. bxa5 Bxa5 15. Nxb5 Nd4 16. Nfxd4 c5 17. Ne2 Qxb5 18. Ng3 Bc3 19. Ra2 g5 20. Nxh5 Nxh5 21. Bg3 Nxg3 22. fxg3 Rab8 23. g4 Bd4+ 24. Kh1 c4 25. Bxc4 Qxb1 26. Rxb1 Rxb1+ 27. Kh2 d5 28. Bxd5 Rfb8 29. a4 R1b2 30. Rxb2 Rxb2 31. a5 Rb8 32. a6 Rb2 33. a7 Bxa7 34. c3 Rb4 35. cxb4 Bb8 36. Bxf7+ Kxf7 37. b5 Ke7 38. b6 Kd7 39. b7 Kc7 40. g3 Kxb7 41. h4 gxh4 42. gxh4 Bc7 43. g5 Bd8 44. gxh6 Bf6 45. h7 Kc6 46. h5 Kc5 47. d4+ exd4 48. Kg2 Kd6 49. Kf2 Ke5 50. Ke2 Kxe4 51. Kd2 Kf4 52. h6 Kg5 53. Kc2 Kxh6 54. Kb3 Kxh7 55. Ka4 Kg6 56. Ka5 Kf5 57. Ka6 Ke4 58. Ka7 d3 59. Ka6 d2 60. Ka5 d1Q 0-1